00797nam a2200241 a 4500001000900000005001700009008004100026020001500067040001800082050002200100100002800122245005500150260003700205300004200242500003400284504003000318610002600348650004000374653001400414942001100428999001300439952010300452BRCA_82720190320203151.0831221s1988 nyua---##b---#001-0beng-# a0500013500 aDLCcDLCdDLC 4aNK7398b.N33 19881 aNadelhoffer, Hans9275110aCartierbjewelers extraordinarycHans Nadelhoffer. aLondresbThames and Hudsonc1988 a292 p.bil. (algunas a color)c31 cm. aIncluye índice alfabético aBibliografía : p. [303]24aCartier (Firma)9275214aJoyerosvBiografíazFrancia927530 aJoyería 2lcccB c722d722 00104070aBRCAbBRCAd2008-06-26l0oNK7398 .N33 1988p01298r2019-03-22 00:00:00w2019-03-22yB